<?xml version="1.0" encoding="UTF-8"?>
<resp>
  <nextPage>https://data.bn.org.pl/api/networks/bibs.marcxml?marc=001+b00001150001504&amp;sinceId=1150001505</nextPage>
  <collection>
    <record xmlns='http://www.loc.gov/MARC21/slim'><leader>00889namZa2200289ZiZ4500</leader><controlfield tag='001'>b00001150001504</controlfield><controlfield tag='005'>20241203214137.9</controlfield><controlfield tag='008'>230609s        pl           |000 0 pol c</controlfield><controlfield tag='009'>9913262011805606</controlfield><datafield ind1=' ' ind2=' ' tag='020'><subfield code='a'>8373410554</subfield></datafield><datafield ind1=' ' ind2=' ' tag='035'><subfield code='a'>KR_1KR_1_20120317231754060426-48omnis_kr</subfield></datafield><datafield ind1=' ' ind2=' ' tag='035'><subfield code='a'>KR_1_20120317231754060426</subfield><subfield code='9'>ExL</subfield></datafield><datafield ind1=' ' ind2=' ' tag='035'><subfield code='a'>(PL)b00001150001504</subfield></datafield><datafield ind1=' ' ind2=' ' tag='040'><subfield code='a'>KR_1</subfield><subfield code='c'>KR_1</subfield></datafield><datafield ind1='0' ind2=' ' tag='041'><subfield code='a'>pol</subfield></datafield><datafield ind1='0' ind2='0' tag='245'><subfield code='a'>Kurczaczki na podwórku /</subfield><subfield code='c'>[il. David Crossley].</subfield></datafield><datafield ind1=' ' ind2=' ' tag='260'><subfield code='a'>Poznań :</subfield><subfield code='b'>Podsiedlik-Raniowski i Spółka,</subfield><subfield code='c'>cop. 2002.</subfield></datafield><datafield ind1=' ' ind2=' ' tag='300'><subfield code='a'>[10] s. :</subfield><subfield code='b'>il. kolor. ;</subfield><subfield code='c'>17 cm.</subfield></datafield><datafield ind1='1' ind2=' ' tag='490'><subfield code='a'>Książki Szczęśliwego Dzieciństwa</subfield></datafield><datafield ind1='1' ind2=' ' tag='490'><subfield code='a'>Spójrz i Znajdź</subfield></datafield><datafield ind1=' ' ind2=' ' tag='500'><subfield code='a'>d</subfield></datafield><datafield ind1='1' ind2=' ' tag='700'><subfield code='a'>Crossley, David</subfield><subfield code='e'>Il.</subfield></datafield><datafield ind1=' ' ind2=' ' tag='852'><subfield code='b'>48OMNIS_NETWORK</subfield><subfield code='8'>9913262011805606</subfield></datafield><datafield ind1=' ' ind2=' ' tag='852'><subfield code='b'>48OMNIS_KR</subfield><subfield code='8'>991000015039708216</subfield></datafield><datafield ind1=' ' ind2=' ' tag='920'><subfield code='a'>83-7341-055-4</subfield></datafield></record>
  </collection>
</resp>
